| LEADER 00000nam 2200000uu 4500 |
| 001 13399108607 |
| 003 ULIB |
| 008 110223s2552||||th 000 0 tha d |
| 020 ^a9749755618 (เล่ม 2)
|
| 060 4 ^aWA100^bส747ก 2552
|
| 110 2 ^aมหาวิทยาลัยสุโขทัยธรรมาธิราช.^bสาขาวิชาวิทยาศาสตร์สุขภาพ
|
| 245 10 ^aเอกสารการสอนชุดวิชาการสาธารณสุขทั่วไป =^bGeneral publichealth /^cมหาวิทยาลัยสุโขทัยธรรมาธิราช สาขาวิชาวิทยาศาสตร์สุขภาพ
|
| 246 30 ^aการสาธารณสุขทั่วไป
|
| 260 ^aนนทบุรี :^bสาขาวิชา,^c2552
|
| 300 ^a2 เล่ม :^bภาพประกอบ
|
| 505 0 ^aล.1. หน่วยที่ 1-7- - ล.2 หน่วยที่ 8-15
|
| 520 ^aหนังสือเล่มนี้เสนอความรู้พื้นฐานด้านต่างๆ ที่เกี่ยวข้องกับการสาธารณสุข อาทิเช่น โรงเรียนส่งเสริมสุขภาพ โภชนาการสาธารณสุข สุขภาพจิตชุมชน อาชีวอนามัยและความปลอดภัย การอนามัยสิ่งแวดล้อม อุบัติเหตุและสาธารณภัย สุขภาพผู้สูงอายุ เป็นต้น
|
| 650 7 ^aสาธารณสุข
|
| 999 ^aสุณิสา
|